Who owns the City 2006 (Record no. 105467)
[ view plain ]
| 000 -LEADER | |
|---|---|
| fixed length control field | 01655cam a2200277 4500 |
| 001 - CONTROL NUMBER | |
| control field | ##L133746 |
| 008 - FIXED-LENGTH DATA ELEMENTS--GENERAL INFORMATION | |
| fixed length control field | 060607n2006 000 0 eng u |
| 035 ## - SYSTEM CONTROL NUMBER | |
| System control number | (Sirsi) u133746 |
| 041 0# - LANGUAGE CODE | |
| Language code of text/sound track or separate title | eng |
| 050 04 - LIBRARY OF CONGRESS CALL NUMBER | |
| Classification number | 333.337094212 $2 18 |
| 100 1# - MAIN ENTRY--PERSONAL NAME | |
| Personal name | Lizieri, Colin |
| 245 00 - TITLE STATEMENT | |
| Title | Who owns the City 2006 |
| Remainder of title | office ownership in the City of London |
| 250 ## - EDITION STATEMENT | |
| Edition statement | 3rd ed. |
| 260 ## - PUBLICATION, DISTRIBUTION, ETC. | |
| Place of publication, distribution, etc. | Reading |
| Name of publisher, distributor, etc. | University of Reading |
| Date of publication, distribution, etc. | 2006 |
| 300 ## - PHYSICAL DESCRIPTION | |
| Extent | 31p. |
| 505 2# - FORMATTED CONTENTS NOTE | |
| Formatted contents note | Key findings -- Introduction -- Defining ownership -- The City and the market: context -- Long-run change: evidence from the Reading database -- Ownership and occupation: evidence from the London office database -- Conclusions and implications |
| 520 ## - SUMMARY, ETC. | |
| Summary, etc. | Investigates changes in the City of London property market between 2001 and 2005. Shows that 45% of space - some three million square metres - is owned by non-UK investors. Highlights the increasing fragmentation of ownership, with many buildings owned jointly or by collective investment vehicles and funds. The ownership patterns are an indicator of the strengths and attractions of the City market, but also create risks - of greater volatility and vulnerability to external shocks. Tables and graphs. |
| 590 ## - LOCAL NOTE (RLIN) | |
| Local note | IKA200606 NTK |
| 651 #4 - SUBJECT ADDED ENTRY--GEOGRAPHIC NAME | |
| Geographic name | CITY OF LONDON |
| 690 ## - LOCAL SUBJECT ADDED ENTRY--TOPICAL TERM (OCLC, RLIN) | |
| Topical term or geographic name as entry element | PROPERTY-COMMERCIAL PROPERTY-COMMERCIAL PROPERTY MARKET |
| 700 1# - ADDED ENTRY--PERSONAL NAME | |
| Personal name | Kutsch, Nina |
| 710 2# - ADDED ENTRY--CORPORATE NAME | |
| Corporate name or jurisdiction name as entry element | University of Reading Business School |
| Subordinate unit | Department of Real Estate and Planning |
| 9 (RLIN) | 4944 |
| 710 2# - ADDED ENTRY--CORPORATE NAME | |
| Corporate name or jurisdiction name as entry element | Development Securities |
| 9 (RLIN) | 4305 |
| 856 40 - ELECTRONIC LOCATION AND ACCESS | |
| Uniform Resource Identifier | <a href="https://www.reading.ac.uk/rep/researchreports.html">https://www.reading.ac.uk/rep/researchreports.html</a> |
| Public note | View the item free of charge at www.reading.ac.uk... |
| 942 ## - ADDED ENTRY ELEMENTS (KOHA) | |
| Suppress in OPAC | 0 |
| Withdrawn status | Lost status | Source of classification or shelving scheme | Damaged status | Not for loan | Home library | Current library | Shelving location | Date acquired | Total Checkouts | Full call number | Barcode | Date last seen | Copy number | Price effective from | Koha item type |
|---|---|---|---|---|---|---|---|---|---|---|---|---|---|---|---|
| Dewey Decimal Classification | Virtual | Virtual | Online | 07/06/2006 | ONLINE PUBLICATION | 133746-1001 | 06/08/2019 | 1 | 06/08/2019 | Book |